000
00236 a2200097 4500
001
48565
100
_a
Youngson, A.J
245
_a
Possibilities of economic progress
260
_a
London
_b
Cambridge univ press
_c
090
_c
31495
_d
31495
942
_a
NUST-CAE
_c
M
_c
23886
999
_c
283638
_d
283638